Statistics for Word Shortenings Quiz #2

Click here to take the quiz!

General Stats

  • This quiz has been taken 42,502 times
    (42,475 since last reset)
  • The average score is 21 of 27

Answer Stats

Shortened Word Long Version % Correct
BikeBicycle
98%
GradGraduate
95%
ExamExamination
95%
FridgeRefrigerator
94%
ProfProfessor
94%
EvacEvacuation
94%
PornoPornographic
93%
'emThem
93%
CokeCocaine
91%
GasGasoline
90%
RefReferee
89%
AutoAutomobile
89%
Co-opCo-operative
88%
ThoThough
87%
PetrolPetroleum
86%
'FessConfess
84%
TrigTrigonometry
79%
IntelIntelligence
79%
AutoAutomatic
78%
PrezPresident
76%
RhinoRhinoceros
75%
SlawColeslaw
73%
PecPectoral
60%
ExpatExpatriate
56%
PromPromenade
50%
GroomBridegroom
37%
ZinZinfandel
18%

Score Distribution

Percentile by Number Answered

Percent of People with Each Score

Your Score History

You have not taken this quiz since the last reset